01563nam a2200277Ia 4500001000600000003000900006008004100015040001300056040001300069041001300082100001700095100002900112242008500141242003400226242000800260245002400268245002400292250001100316260001000327260001000337260004900347300004300396500079900439650001601238650003101254 9842IT-RoPAU130308s9999 xx 000 0 und d aIT-RoPAU cIT-RoPAU aFRANCESE aRicoeur Paul gCodice Aut. SPICS: 2052 aMETAFORA viva (LA)-DALLA RETORICA ALLA POETICA: PER UN LINGUAGGIO DI RIVELAZIONE nCod. Traduzione Titolo: 42648 yITA aMetaphore vive (La) bMetaphore Vive (La) a1a ed. aPARIS bSeuil c1975 [1° Ed.:1975 - Ed.Ling.Originale:1975] a"414 p. (prefazione: no ; testo: 414)" aTra Retorica e Poetica Aristotele Enigma Metafora e Similitudine Luogo Retorico e Luogo Poetico Declino della Retorica Tropologia Fontanier Primato dell'idea e della Parola Tropo e Figura Metonimia Sineddoche Metafora e Semantica del Discorso Semantica e Semiotica Grammatica Logica e Semantica Critica Letteraria e Semantica Metafora e Semantica della Parola Monismo del Segno Logica e Linguistica della Denominazione Metafora e Postulati Saussuriani Scarto e grado Retorico Zero Spazio della Figura Analisi Semica Lavoro della somiglianza sostituzione e somiglianza momento iconico della Metafora Icona e immagine Metafora e referenza Denotazione Generalizzata Modello e Metafora Metafora e Discorso Filosofico Meta Forica e Meta Fisica Esplicitazione Ontologica del Postulato della Referenza aLINGUISTICA eCodice materia Spics: 3201